Introductory property valuation mathematics (Record no. 122125)
[ view plain ]
| 000 -LEADER | |
|---|---|
| fixed length control field | 02169nam a22003618i 4500 |
| 001 - CONTROL NUMBER | |
| control field | BDZ0055849116 |
| 003 - CONTROL NUMBER IDENTIFIER | |
| control field | StDuBDS |
| 005 - DATE AND TIME OF LATEST TRANSACTION | |
| control field | 20250318131411.0 |
| 006 - FIXED-LENGTH DATA ELEMENTS--ADDITIONAL MATERIAL CHARACTERISTICS | |
| fixed length control field | m|||||o||d|||||||| |
| 007 - PHYSICAL DESCRIPTION FIXED FIELD--GENERAL INFORMATION | |
| fixed length control field | cr ||||||||||| |
| 008 - FIXED-LENGTH DATA ELEMENTS--GENERAL INFORMATION | |
| fixed length control field | 240909s2024 enk fo 000|0 eng|d |
| 020 ## - INTERNATIONAL STANDARD BOOK NUMBER | |
| International Standard Book Number | 9781036407858 (ebook) : |
| Terms of availability | 77.99 |
| 040 ## - CATALOGING SOURCE | |
| Original cataloging agency | StDuBDS |
| Language of cataloging | eng |
| Description conventions | rda |
| -- | pn |
| Transcribing agency | StDuBDS |
| Modifying agency | StDuBDSZ |
| 050 #4 - LIBRARY OF CONGRESS CALL NUMBER | |
| Classification number | HD1387 |
| Item number | .O5 2024 |
| 072 #7 - SUBJECT CATEGORY CODE | |
| Subject category code | ECO |
| Source | ukslc |
| 072 #7 - SUBJECT CATEGORY CODE | |
| Subject category code | KC |
| Source | bicssc |
| 072 #7 - SUBJECT CATEGORY CODE | |
| Subject category code | KC |
| Source | thema |
| 082 04 - DEWEY DECIMAL CLASSIFICATION NUMBER | |
| Classification number | 333.3320151 |
| Edition number | 23 |
| 100 1# - MAIN ENTRY--PERSONAL NAME | |
| Personal name | Onwuanyi, Ndubisi, |
| Relator term | author. |
| 245 10 - TITLE STATEMENT | |
| Title | Introductory property valuation mathematics |
| Statement of responsibility, etc. | Ndubisi Onwuanyi. |
| Medium | [electronic resource] / |
| 264 #1 - PRODUCTION, PUBLICATION, DISTRIBUTION, MANUFACTURE, AND COPYRIGHT NOTICE | |
| Place of production, publication, distribution, manufacture | Newcastle upon Tyne : |
| Name of producer, publisher, distributor, manufacturer | Cambridge Scholars Publishing, |
| Date of production, publication, distribution, manufacture, or copyright notice | 2024. |
| 300 ## - PHYSICAL DESCRIPTION | |
| Extent | 1 online resource |
| 336 ## - CONTENT TYPE | |
| Content type term | text |
| Source | rdacontent |
| 337 ## - MEDIA TYPE | |
| Media type term | computer |
| Source | rdamedia |
| 338 ## - CARRIER TYPE | |
| Carrier type term | online resource |
| Source | rdacarrier |
| 366 ## - TRADE AVAILABILITY INFORMATION | |
| Detailed date of publication | 20240902 |
| Availability status code | Available |
| 520 8# - SUMMARY, ETC. | |
| Summary, etc. | This book introduces the subject of valuation. It comprehensively explains basic concepts which connect valuation with economics such as price, value, rent and property market origins, characteristics and functions. However, the core issue is how the book handles the calculations required for property valuations. The valuation formulae are classified in helpful ways which highlight main formulae and their variants, relationships and functions. Many worked examples are used to demonstrate comprehensively the formulae?Ts relationships and functions. However, innovation is introduced by calculations done in both a forward and backward manner. Through this method, the answer to an initial worked example becomes a new question which is solved by a reverse calculation process to produce an answer corresponding to the initial question. This particularly illuminating approach enables effective and enduring learning and understanding. |
| 588 ## - SOURCE OF DESCRIPTION NOTE | |
| Source of description note | Description based on CIP data; resource not viewed. |
| 650 #0 - SUBJECT ADDED ENTRY--TOPICAL TERM | |
| Topical term or geographic name entry element | VALUATION |
| 650 #0 - SUBJECT ADDED ENTRY--TOPICAL TERM | |
| Topical term or geographic name entry element | EBOOK |
| 856 40 - ELECTRONIC LOCATION AND ACCESS | |
| Uniform Resource Identifier | <a href="https://www.vlebooks.com/product/openreader?id=RICS&accId=9491556&isbn=9781036407858">https://www.vlebooks.com/product/openreader?id=RICS&accId=9491556&isbn=9781036407858</a> |
| Public note | Available on VLeBooks (email [email protected] if you do not have a login) |
| 942 ## - ADDED ENTRY ELEMENTS (KOHA) | |
| Source of classification or shelving scheme | Dewey Decimal Classification |
| Withdrawn status | Lost status | Damaged status | Not for loan | Home library | Current library | Shelving location | Date acquired | Total Checkouts | Full call number | Date last seen | Price effective from | Koha item type |
|---|---|---|---|---|---|---|---|---|---|---|---|---|
| Virtual | Virtual | Online | 18/03/2025 | EBOOK | 18/03/2025 | 18/03/2025 | Book |